000 00405nam a2200145 i 4500
001 bg
100 1 _aDANIELEWICZ-FERCHMIN, Irena
245 0 _aWpływ silnego pola elektrycznego na przenikalność dielektryczną alkoholi /
_cIrena Danielewicz-Ferchmin.
260 _aPoznań,
_c1975.
040 _cBPK
041 _apol
080 _a537.22
942 _cKS
008 s pl f |000 0 pol
999 _c27326
_d27326
856 _uhttp://koha.tu.koszalin.pl/cgi-bin/koha/opac-detail.pl?biblionumber=27326
_yKatalog online BPK